| Tag |
First Indicator |
Second Indicator |
Subfields |
| LEADER |
00000cam a2200000 a 4500 |
| 001 |
in00000503539 |
| 005 |
20151013064911.0 |
| 008 |
810618s1981 nyua b 10010 eng d |
| 010 |
|
|
|a 81065517
|
| 035 |
|
|
|a (OCoLC)07510477
|
| 035 |
|
|
|9 ACD7726AM
|
| 040 |
|
|
|a FRL
|c FRL
|d TXA
|d UtOrBLW
|
| 049 |
|
|
|a TXAM
|v 1 [1002677]
|v 2 [1002678]
|
| 090 |
|
|
|a TA800
|b .R36 1981
|
| 092 |
|
|
|a 624.152
|b R181p, 1981
|
| 111 |
2 |
|
|a Rapid Excavation and Tunneling Conference
|d (1981 :
|c San Francisco, Calif.)
|
| 245 |
1 |
0 |
|a Proceedings, 1981 Rapid Excavation and Tunneling Conference, San Francisco, California, May 3-7, 1981 /
|c editors, Richard L. Bullock, Henry J. Jacoby ; sponsored by American Institute of Mining, Metallurgical and Petroleum Engineers, American Society of Civil Engineers ; cooperating societies, Canadian Institute of Mining and Metallurgy, Engineering Institute of Canada.
|
| 264 |
|
1 |
|a New York, N.Y. :
|b Society of Mining Engineers of AIME,
|c 1981.
|
| 300 |
|
|
|a 2 volumes (1686 pages) :
|b illustrations ;
|c 24 +
|e index.
|
| 336 |
|
|
|a text
|b txt
|2 rdacontent
|
| 337 |
|
|
|a unmediated
|b n
|2 rdamedia
|
| 338 |
|
|
|a volume
|b nc
|2 rdacarrier
|
| 504 |
|
|
|a Includes bibliographies.
|
| 650 |
|
0 |
|a Tunneling
|v Congresses.
|
| 650 |
|
0 |
|a Excavation
|x Congresses.
|
| 650 |
|
0 |
|a Underground construction
|v Congresses.
|
| 700 |
1 |
|
|a Bullock, Richard L.
|q (Richard Lee),
|d 1929-
|
| 700 |
1 |
|
|a Jacoby, Henry J.
|
| 710 |
2 |
|
|a American Institute of Mining, Metallurgical, and Petroleum Engineers.
|
| 710 |
2 |
|
|a American Society of Civil Engineers.
|
| 999 |
|
|
|a MARS
|
| 999 |
f |
f |
|s 13b11b86-34f6-36d0-a045-0f7b7b28f43b
|i 277ba137-b2c9-332f-aca8-bd59fef474f7
|t 0
|
| 952 |
f |
f |
|p ric
|a Texas A&M University
|b Rellis Campus
|c Joint Library Facility
|d Remote Storage
|t 0
|e TA800 .R36 1981
|h Library of Congress classification
|i unmediated -- volume
|k v.2
|m A14807680167
|
| 952 |
f |
f |
|p ric
|a Texas A&M University
|b Rellis Campus
|c Joint Library Facility
|d Remote Storage
|t 0
|e TA800 .R36 1981
|h Library of Congress classification
|i unmediated -- volume
|k v.1
|m A14807680222
|
| 998 |
f |
f |
|a TA800 .R36 1981
|s v.1-v.2
|t 0
|l Remote Storage
|